000 00859nam a2200253Ia 4500
003 OSt
005 20221005105436.0
006 a|||||r|||| 00| 0
007 ta
008 221004b |||||||| |||| 00| 0 hin d
024 _a32808
037 _cTextual
040 _aCRL
_cCRL
_bhin
041 _2hin
_ahin
082 _aY:351.2, 152N2
100 _aसत्यार्थी, देवेन्द्र
245 0 _aबेला फूले आधी रात
246 _aBelā fūle ādhī rāta
260 _aनई दिल्ली
_bप्रवीण प्रकाशन भारत
_c1992
300 _a404पृ.
_ccm.
650 _aहिन्दी साहित्य
942 _hY:351.2, 152N2
_cTEXL
_2cc
999 _c1015826
_d1015826